| 000 | 00566nam a2200217Ia 4500 | ||
|---|---|---|---|
| 005 | 20250326144514.0 | ||
| 008 | 250326s9999 xx 000 0 und d | ||
| 020 | _a978-81-203-2808-2 | ||
| 037 | _aTextbook | ||
| 040 |
_aFMSL _beng _cFMSL |
||
| 041 |
_aeng _2eng |
||
| 084 |
_aX9S P3;2 _qFMSL |
||
| 100 | _aCoulter Mary | ||
| 245 | 0 |
_aEntrepreneurship in action _cCoulter Mary |
|
| 250 | _a2 | ||
| 260 |
_aNew Delhi _bNew Delhi, PHI Learning _c2008 |
||
| 300 | _axx,384 | ||
| 365 | _b325 | ||
| 942 |
_cTB _hX9S P3;2 |
||
| 999 |
_c1303963 _d1303963 |
||